Statistics for After Ever After 2 Lyrics Quiz

Click here to take the quiz!

General Stats

  • This quiz has been taken 103 times
  • The average score is 380 of 500

Answer Stats

HintAnswer% Correct
I
100%
'veI've
100%
A
96%
a
96%
after
96%
After
96%
all
96%
be
96%
Be
96%
been
96%
by
96%
for
96%
in
96%
like
96%
my
96%
My
96%
no
96%
so
96%
Then
96%
am
92%
came
92%
dreams
92%
dressing
92%
ever
92%
guy
92%
happened
92%
he
92%
here
92%
'sHere's
92%
if
92%
If
92%
Now
92%
soul
92%
The
92%
the
92%
Their
92%
their
92%
true
92%
was
92%
we
92%
We
92%
what
92%
who
92%
why
92%
wondered
92%
you
92%
'veyou've
92%
alone
88%
an
88%
and
88%
And
88%
China
88%
pluralconflicts
88%
'sDisney's
88%
end
88%
feeling
88%
got
88%
home
88%
I'm
88%
lies
88%
lower
88%
man
88%
me
88%
months
88%
of
88%
Of
88%
saving
88%
tales
88%
think
88%
to
88%
zone
88%
control
83%
gotta
83%
losing
83%
on
83%
wanna
83%
want
83%
went
83%
brain
79%
But
79%
but
79%
'llhe'll
79%
hot
79%
is
79%
it
79%
'sIt's
79%
'sit's
79%
know
79%
Maybe
79%
never
79%
seen
79%
Time
79%
time
79%
day
75%
Every
75%
pluralfemales
75%
get
75%
heart
75%
one
75%
prince
75%
Prince
75%
snow
75%
bite
71%
pluralbrains
71%
caught
71%
have
71%
how
71%
made
71%
makes
71%
New
71%
new
71%
nickname
71%
night
71%
not
71%
or
71%
Or
71%
Ping
71%
quiet
71%
ready
71%
really
71%
replace
71%
say
71%
screw
71%
sing
71%
talked
71%
these
71%
They
71%
transformation
71%
useless
71%
'llwe'll
71%
wish
71%
are
67%
AstrodomeAstrodome
67%
before
67%
discovered
67%
pluraldudes
67%
inside
67%
just
67%
Just
67%
Let
67%
married
67%
much
67%
Only
67%
only
67%
Plus
67%
recounted
67%
shoe
67%
snowmen
67%
speaks
67%
take
67%
that
67%
There
67%
too
67%
tubes
67%
two
67%
up
67%
world
67%
your
67%
'reyou're
67%
back
63%
brawn
63%
brute
63%
cat
63%
Cause
63%
evil
63%
fit
63%
gave
63%
going
63%
gonna
63%
got Bushgot Bush
63%
Guess
63%
hope
63%
'llI'll
63%
jackets
63%
'sLucifer's
63%
nutty
63%
over
63%
pumpkin
63%
queen
63%
reinvent
63%
Rough
63%
roundround
63%
sea
63%
sees
63%
show
63%
single
63%
'reWe're
63%
white
63%
will
63%
With
63%
yaYa
63%
zoo
63%
2005
58%
absolutely
58%
air
58%
away
58%
Bill
58%
built
58%
cafe
58%
camp
58%
care
58%
clothes
58%
'scold's
58%
coming
58%
concentrate
58%
dead
58%
pluraldoctors
58%
don't
58%
Germany
58%
green
58%
heat
58%
insane
58%
into
58%
keep
58%
kingdom
58%
lamps
58%
lifetime
58%
lot
58%
melting
58%
mountain
58%
Nye
58%
off
58%
open
58%
Orleans
58%
putty
58%
red
58%
rods
58%
seems
58%
Shock
58%
spilling
58%
stay
58%
stuck
58%
'stherapy's
58%
those
58%
threw
58%
tonight
58%
took
58%
trying
58%
turn
58%
under
58%
washed
58%
years
58%
ain't
54%
Bedlam
54%
better
54%
carry
54%
chopper
54%
coachmen
54%
four
54%
Fox
54%
free
54%
frying
54%
gases
54%
greenhouse
54%
hoard
54%
Ice
54%
insulin
54%
jam
54%
jars
54%
Katrina
54%
kids
54%
lids
54%
looters
54%
march
54%
need
54%
News
54%
pee
54%
pills
54%
plights
54%
proof
54%
Putin
54%
rats
54%
roof
54%
___-_____Self-esteem
54%
sewn
54%
shotgun
54%
sick
54%
slay
54%
spent
54%
steel
54%
strength
54%
sulfur
54%
sure
54%
thinks
54%
throw
54%
troops
54%
edturned
54%
breaking
50%
brick
50%
canines
50%
dive
50%
needed
50%
nights
50%
penguins
50%
picked
50%
puts
50%
quick
50%
steady
50%
town
50%
hid
46%
2 wordsI sunk
46%
levees
46%
Noah
46%
Our
46%
bloomin
42%
"savior"
42%
flew
38%

Score Distribution

Percentile by Number Answered

Percent of People with Each Score

Your Score History

You have not taken this quiz